Instruktor školního lyžování /

Hlavní autor: Nosek, Martin
Korporativní autor: Univerzita J.E. Purkyně v Ústí nad Labem. Katedra tělesné výchovy
Další autoři: Valter, Ladislav, Louka, Oto, 1956-, Univerzita J.E. Purkyně v Ústí nad Labem. Centrum celoživotního vzdělávání
Jazyk: Čeština
Vydáno: Ústí nad Labem : Univerzita Jana Evangelisty Purkyně v Ústí nad Labem, 2005
Témata:
Fyzický popis: 74 s. : il. ; 21 cm
Knihy
Uloženo v:
LEADER 01736nam a2200409 a 4500
001 nkc20061644510
003 CZ PrNK
005 20090318094258.0
007 ta
008 060223s2005 xr a e p 000 0 cze
015 |a cnb001644510 
020 |a 80-7044-705-2  |q (brož.) 
035 |a (OCoLC)85526932 
040 |a BOA001  |b cze  |d ABA001 
072 7 |a 796  |x Sport. Hry. Tělesná cvičení  |2 Konspekt  |9 20 
072 7 |a 37.016  |x Učební osnovy. Vyučovací předměty. Učebnice  |2 Konspekt  |9 22 
080 |a 796.92  |2 MRF 
080 |a (075.8)  |2 MRF 
100 1 |a Nosek, Martin  |7 xx0014705  |4 aut 
245 1 0 |a Instruktor školního lyžování /  |c Martin Nosek, Ladislav Valter, Oto Louka 
260 |a Ústí nad Labem :  |b Univerzita Jana Evangelisty Purkyně v Ústí nad Labem,  |c 2005 
300 |a 74 s. :  |b il. ;  |c 21 cm 
500 |a Nad názvem: Univerzita Jana Evangelisty Purkyně v Ústí nad Labem, Fakulta pedagogická, Katedra tělesné výchovy a Centrum celoživotního vzdělávání 
504 |a Obsahuje bibliografii 
650 0 7 |a lyžování  |7 ph115188  |2 czenas 
650 0 9 |a skiing  |2 eczenas 
655 7 |a učebnice vysokých škol  |7 fd133772  |2 czenas 
655 9 |a textbooks (higher)  |2 eczenas 
700 1 |a Valter, Ladislav  |7 ola2006329748  |4 aut 
700 1 |a Louka, Oto,  |d 1956-  |7 mzk2003184932  |4 aut 
710 2 |a Univerzita J.E. Purkyně v Ústí nad Labem.  |b Katedra tělesné výchovy  |7 kn20030327007 
710 2 |a Univerzita J.E. Purkyně v Ústí nad Labem.  |b Centrum celoživotního vzdělávání  |7 mzk2006318383 
910 2 |a BOA001  |b 2-1165.490 
990 |a BK 
995 |a 01 
991 |b 200603  |c NOV 
996 6 |b 2610273803  |c 2-1165.490  |l MZK  |r Sklad / do 1 hodiny  |n 6  |p p.v.  |w 000809679  |u 000010  |a 1  |e BOA001  |j MZK50  |s P